| 000 | 00716nam a22002297a 4500 | ||
|---|---|---|---|
| 999 |
_c11372 _d11372 |
||
| 003 | AR-CdUCM | ||
| 008 | 190403b ||||| |||| 00| 0 spa d | ||
| 040 |
_aMUNICIPALIDAD PROVINCIAL DEL CUSCO _cBIBLIOTECA MUNICIPAL DEL CUSCO |
||
| 082 |
_a869.56 / _bF66T / 1941 |
||
| 100 |
_aFlorian, Mario _914609 |
||
| 245 |
_aTono de Fauna : _bLaureado con medalla de Oro / |
||
| 260 |
_aCajamarca : _bTall. Tip. El Trabajo, _c1941. |
||
| 300 |
_a58 páginas ; _c21 cm. |
||
| 500 | _aJuegos Florales Universitarios de 1940. | ||
| 505 | _aContenido: Poemas. | ||
| 650 |
_aPoesías peruanas _91481 |
||
| 650 |
_aSiglo XX _98 |
||
| 650 |
_aCajamarca _97054 |
||
| 650 |
_aPoemas _9929 |
||
| 942 |
_2ddc _cLIBROS |
||
| 945 | _aachl | ||